Un enfoque cognoscitivo de la motivación humana: el caso de la teoría de atribución de B. Weiner /
Gespeichert in:
| 1. Verfasser: | |
|---|---|
| Format: | Buch |
| Sprache: | Spanish |
| Schlagworte: | |
| Tags: |
Tag hinzufügen
Keine Tags, Fügen Sie den ersten Tag hinzu!
|
MARC
| LEADER | 00000nam a22000007a 4500 | ||
|---|---|---|---|
| 003 | cru IIS | ||
| 005 | 20231020062559.0 | ||
| 007 | ta | ||
| 008 | 220801b |||||||| |||| 00| 0 spa d | ||
| 040 | |c cru IIS | ||
| 100 | 1 | |a Rodríguez B., Roberto |e Autor |9 10641 | |
| 245 | 1 | |a Un enfoque cognoscitivo de la motivación humana: |b el caso de la teoría de atribución de B. Weiner / |c Roberto Rodríguez B., | |
| 300 | |a 16 páginas | ||
| 650 | 0 | |a PSICOLOGIA |9 3105 | |
| 650 | 0 | |9 1426 |a ASPECTOS PSICOLOGICOS | |
| 650 | 0 | |9 10643 |a MOTIVACION | |
| 773 | 0 | |0 18811 |9 3262 |a Universidad de Costa Rica. Instituto de Investigaciones en Psicología |d San José, C.R.: Editorial de la UCR |o 03659 |t Actualidades en Psicología / | |
| 942 | |2 ddc |c PP | ||
| 999 | |c 44450 |d 44450 | ||
